[Event "PRO League Group Stage"]
[Site "chess.com INT"]
[Date "2019.01.17"]
[Round "2"]
[White "Regoli, Stephane"]
[Black "Meier, Georg"]
[Result "0-1"]
[BlackTitle "GM"]
[WhiteElo "2256"]
[BlackElo "2623"]
[WhiteTeam "Marseille Migraines"]
[BlackTeam "Baden-Baden Snowballs"]
[WhiteFideId "615110"]
[BlackFideId "4675789"]
[EventDate "2019.01.08"]

1. e4 e6 2. d4 d5 3. Nc3 dxe4 4. Nxe4 Nd7 5. Nf3 Ngf6 6. Bg5 Be7 7. Nxf6+ Bxf6
8. Bxf6 Nxf6 9. g3 b6 10. Bg2 Bb7 11. O-O O-O 12. Qe2 Qe7 13. Rad1 c5 14. c3
Rfd8 15. Rfe1 Rac8 16. dxc5 Qxc5 17. Ne5 Bxg2 18. Kxg2 b5 19. Kg1 h6 20. Rd3 Rd5
21. Rxd5 Qxd5 22. Rd1 Qb7 23. Ng4 Nd5 24. Ne3 Ne7 25. Qd3 Nc6 26. Qd7 Rc7 27.
Qd6 a6 28. h4 h5 29. Ng2 g6 30. Nf4 Kg7 31. b3 Rc8 32. Qd7 Qxd7 33. Rxd7 Kf6 34.
Kg2 Ne5 35. Ra7 Rxc3 36. Rxa6 Rc2 37. a4 bxa4 38. bxa4 Ng4 39. Nh3 Kf5 40. Ra7
f6 41. a5 Ra2 42. Ra8 Ne3+ 43. Kg1 Nd5 44. Kg2 e5 45. Kg1 Kg4 46. Kg2 Ne3+ 47.
Kh2 Kf3 48. Rf8 Ng4+ 49. Kh1 Ra1+ 50. Ng1+ Kxf2 0-1

[Event "PRO League Group Stage"]
[Site "chess.com INT"]
[Date "2019.01.17"]
[Round "2"]
[White "Klein, David"]
[Black "Holm, Kristian Stuvik"]
[Result "0-1"]
[WhiteTitle "GM"]
[BlackTitle "IM"]
[WhiteElo "2492"]
[BlackElo "2468"]
[WhiteTeam "Amsterdam Mosquitoes"]
[BlackTeam "Norway Gnomes"]
[WhiteFideId "1003623"]
[BlackFideId "1508083"]
[EventDate "2019.01.08"]

1. e4 e5 2. Nf3 Nc6 3. Bb5 Nf6 4. O-O Nxe4 5. d4 Nd6 6. Bxc6 dxc6 7. dxe5 Nf5 8.
Qxd8+ Kxd8 9. h3 Ke8 10. Nc3 Be7 11. Bf4 h5 12. Rad1 Be6 13. Ng5 Bxg5 14. Bxg5
Ne7 15. Rfe1 Rd8 16. Ne4 b6 17. b3 Rxd1 18. Rxd1 Bf5 19. Re1 Kd7 20. c4 h4 21.
Nd2 Ng6 22. Nf3 c5 23. Bd2 a5 24. Bc3 Nf4 25. Ng5 Ne6 26. Rd1+ Ke7 27. Nf3 Be4
28. Nh2 Rd8 29. Re1 Bc2 30. Nf1 a4 31. bxa4 Bxa4 32. Ne3 Bc6 33. Nf5+ Kf8 34.
Nxh4 Rd3 35. Rc1 Nf4 36. Kf1 g5 37. g3 gxh4 38. gxf4 Rxh3 39. Ke2 Rf3 40. e6
fxe6 41. Be5 h3 42. Bxc7 Ra3 43. f5 exf5 44. Rb1 Rxa2+ 45. Ke3 Ra3+ 46. Kf4 h2
47. Bxb6 Rf3+ 48. Kg5 Rh3 49. Bxc5+ Kf7 50. Kxf5 h1=Q 51. Rxh1 Rxh1 52. Be3 Rh5+
53. Kg4 Rh1 54. Kf4 Ke6 55. Kg5 Be4 56. Kf4 Bf5 57. c5 Rh4+ 58. Kg3 Rc4 59. Kf3
Be4+ 60. Kf4 Bc6+ 61. Kg3 Rc2 62. Kf4 Rc4+ 63. Kg3 Kf5 64. Kh2 Kg4 65. f4 Rc2+
66. Kg1 Kf3 67. f5 Kxe3 68. f6 Rg2+ 69. Kf1 Rf2+ 70. Kg1 Rxf6 71. Kh2 Kf2 72.
Kh3 Bf3 73. Kh4 Rf5 74. c6 Rh5# 0-1

[Event "PRO League Group Stage"]
[Site "chess.com INT"]
[Date "2019.01.17"]
[Round "2"]
[White "Admiraal, Miguoel"]
[Black "Hansen, Torbjorn Ringdal"]
[Result "1/2-1/2"]
[WhiteTitle "IM"]
[BlackTitle "GM"]
[WhiteElo "2478"]
[BlackElo "2419"]
[WhiteTeam "Amsterdam Mosquitoes"]
[BlackTeam "Norway Gnomes"]
[WhiteFideId "1019716"]
[BlackFideId "1501720"]
[EventDate "2019.01.08"]

1. d4 Nf6 2. Bg5 Ne4 3. Bf4 c5 4. f3 Qa5+ 5. c3 Nf6 6. d5 e6 7. e4 exd5 8. exd5
d6 9. Na3 Be7 10. Nc4 Qc7 11. a4 O-O 12. g4 Nbd7 13. Nh3 b6 14. Nf2 Ba6 15. Ne3
Bxf1 16. Kxf1 g6 17. h4 Ne5 18. Kg2 Nfd7 19. h5 f5 20. g5 c4 21. Bxe5 dxe5 22.
d6 Qxd6 23. hxg6 hxg6 24. Qxd6 Bxd6 25. Rad1 Bc5 26. Rxd7 Bxe3 27. Rhh7 Rfd8 28.
Rdg7+ Kf8 29. Rxg6 Bxf2 30. Kxf2 Rd2+ 31. Kg3 Rad8 32. Rf6+ Kg8 33. Rxa7 e4 34.
Rxf5 exf3 35. Kxf3 Rxb2 36. Kg4 Rd6 37. Rf6 Rxf6 38. gxf6 Rc2 39. Rb7 Rxc3 40.
Rxb6 Kf7 41. Kf5 Rf3+ 42. Ke5 Re3+ 43. Kd4 Ra3 44. Kxc4 Rxa4+ 1/2-1/2

[Event "PRO League Group Stage"]
[Site "chess.com INT"]
[Date "2019.01.17"]
[Round "2"]
[White "Tari, Aryan"]
[Black "Vrolijk, Liam"]
[Result "1-0"]
[WhiteTitle "GM"]
[BlackTitle "IM"]
[WhiteElo "2625"]
[BlackElo "2433"]
[WhiteTeam "Norway Gnomes"]
[BlackTeam "Amsterdam Mosquitoes"]
[WhiteFideId "1510045"]
[BlackFideId "1048333"]
[EventDate "2019.01.08"]

1. c4 e5 2. Nf3 Nc6 3. Nc3 Nf6 4. g3 d5 5. cxd5 Nxd5 6. Bg2 Bc5 7. d3 O-O 8. O-O
Bb6 9. Bd2 Re8 10. Rc1 Bg4 11. Qa4 Nxc3 12. Bxc3 Qd7 13. e3 Rad8 14. Rfe1 Bxf3
15. Bxf3 Nd4 16. Qd1 Nxf3+ 17. Qxf3 Qd5 18. Qxd5 Rxd5 19. Red1 Red8 20. Kf1 f6
21. Ke2 c6 22. b4 Bc7 23. a4 a5 24. e4 R5d7 25. b5 cxb5 26. axb5 Bb6 27. f4 Bc7
28. fxe5 fxe5 29. Be1 Bb6 30. Bc3 Bc7 31. Bb2 Kf7 32. Rc5 Bd6 33. Rc4 Ke6 34.
Bc3 Bc7 35. Rd2 Bb6 36. Rd1 Rf7 37. Be1 Rdf8 38. Rdc1 Kd7 39. g4 Rf3 40. Bg3
Re3+ 41. Kd2 Rff3 42. R1c3 Bd4 43. Ra3 b6 44. Rc6 Rxe4 45. Rxa5 Rxd3+ 46. Kxd3
Re3+ 47. Kc4 bxa5 48. Ra6 Rc3+ 49. Kd5 Rc5+ 50. Ke4 Rxb5 51. g5 Bb6 52. Bxe5 g6
53. Ra8 Bc7 54. Bxc7 Kxc7 55. Ra7+ Kb6 56. Rxh7 Rxg5 57. Kd3 Rc5 58. h4 a4 59.
Rh6 a3 60. Rxg6+ Kb5 61. Rg8 Kb4 62. Rb8+ Rb5 63. Rxb5+ Kxb5 64. Kc2 1-0

[Event "PRO League Group Stage"]
[Site "chess.com INT"]
[Date "2019.01.17"]
[Round "2"]
[White "Salomon, Johan"]
[Black "Lopez, Jasel"]
[Result "1-0"]
[WhiteTitle "GM"]
[BlackTitle "FM"]
[WhiteElo "2494"]
[BlackElo "2388"]
[WhiteTeam "Norway Gnomes"]
[BlackTeam "Amsterdam Mosquitoes"]
[WhiteFideId "1509500"]
[BlackFideId "15900045"]
[EventDate "2019.01.08"]

1. Nf3 d5 2. e3 Nf6 3. c4 e6 4. b3 Be7 5. Bb2 O-O 6. Nc3 c5 7. cxd5 Nxd5 8. Qc2
Nc6 9. h4 h6 10. g4 Nxc3 11. dxc3 e5 12. g5 h5 13. Qe4 g6 14. Nxe5 Bf5 15. Qf4
Bd6 16. Nxc6 Bxf4 17. Nxd8 Raxd8 18. Bg2 Rfe8 19. c4 Be4 20. Bxe4 Rxe4 21. Ke2
Bc7 22. f3 Re6 23. Rad1 Rde8 24. e4 Be5 25. Bxe5 Rxe5 26. Rd7 R5e7 27. Rhd1 Kg7
28. R1d6 b6 29. Kd3 Kf8 30. a3 Rxd7 31. Rxd7 Re7 32. Rxe7 Kxe7 33. f4 Kd7 34.
Kc3 Kc6 35. b4 a6 36. bxc5 Kxc5 37. f5 Kd6 38. Kd4 Kd7 39. Kd5 Kc7 40. a4 Kd7
41. fxg6 fxg6 42. e5 Ke7 43. e6 Ke8 44. Kd6 Kd8 45. Kc6 Ke7 46. Kxb6 Kxe6 47. c5
Kd7 48. Kb7 1-0

[Event "PRO League Group Stage"]
[Site "chess.com INT"]
[Date "2019.01.17"]
[Round "2"]
[White "Forcen Esteban, Daniel"]
[Black "Velten, Paul"]
[Result "1-0"]
[WhiteTitle "GM"]
[BlackTitle "GM"]
[WhiteElo "2567"]
[BlackElo "2496"]
[WhiteTeam "Barcelona Raptors"]
[BlackTeam "Cannes Blitzstreams"]
[WhiteFideId "2288230"]
[BlackFideId "681091"]
[EventDate "2019.01.08"]

1. c4 e5 2. Nc3 Nc6 3. Nf3 Nf6 4. g3 Bb4 5. Bg2 O-O 6. O-O d6 7. d3 h6 8. a3
Bxc3 9. bxc3 Be6 10. e4 Rb8 11. Rb1 Nd7 12. Nh4 Ne7 13. g4 Ng6 14. Nxg6 fxg6 15.
f4 exf4 16. Bxf4 b6 17. h3 Qe7 18. Qe2 g5 19. Bg3 Ne5 20. Rxf8+ Rxf8 21. Rf1
Rxf1+ 22. Bxf1 Qd7 23. Qd1 Ng6 24. d4 Qf7 25. c5 bxc5 26. dxc5 d5 27. Bg2 dxe4
28. Bxe4 Nf8 29. Qd8 Bb3 30. Bxc7 Qc4 31. Bg2 Qxc5+ 32. Kh1 Qxc3 33. Bd6 Qf6 34.
Qb8 Ba2 35. Bxf8 Qxf8 36. Qxa7 Qd6 37. Qa8+ Kf7 38. Qf3+ Ke7 39. a4 Qb4 40. Qe2+
Be6 41. Bd5 Qd6 42. Qxe6+ Qxe6 43. Bxe6 Kxe6 44. Kg2 Kd6 45. Kf3 1-0

[Event "PRO League Group Stage"]
[Site "chess.com INT"]
[Date "2019.01.17"]
[Round "2"]
[White "Asis Gargatagli, Hipolito"]
[Black "Cornette, Deimante"]
[Result "1-0"]
[WhiteTitle "IM"]
[BlackTitle "IM"]
[WhiteElo "2529"]
[BlackElo "2448"]
[WhiteTeam "Barcelona Raptors"]
[BlackTeam "Cannes Blitzstreams"]
[WhiteFideId "2260735"]
[BlackFideId "12802859"]
[EventDate "2019.01.08"]

1. e4 Nf6 2. e5 Nd5 3. d4 d6 4. Nf3 dxe5 5. Nxe5 c6 6. Be2 Bf5 7. O-O Nd7 8. Nf3
e6 9. c4 N5f6 10. Nh4 Bxb1 11. Rxb1 Bd6 12. g3 a5 13. Bg5 h6 14. Be3 O-O 15. Qc2
e5 16. Nf5 Bc7 17. dxe5 Bxe5 18. Rbd1 Re8 19. Rd2 Qb8 20. Rfd1 Nf8 21. Kg2 Ne6
22. h4 a4 23. Bf3 Ra5 24. Nd6 Bxd6 25. Rxd6 Ra8 26. Qc3 Kh7 27. Qe5 Rd8 28. Qf5+
Kg8 29. Rxd8+ Nxd8 30. Bxh6 Ne6 31. Be3 Qc7 32. h5 Rd8 33. h6 Rxd1 34. Bxd1 Qd6
35. Bc2 Qb4 36. b3 Qc3 37. hxg7 Kxg7 38. Qd3 Qxd3 39. Bxd3 axb3 40. axb3 Nd7 41.
f4 Nec5 42. Bf5 Kf6 43. g4 Ke7 44. Bc2 b5 45. cxb5 cxb5 46. Kf3 Ne6 47. Ke4 Kd6
48. g5 Nec5+ 49. Kf5 Ne6 50. Bd3 b4 51. Bc4 Ng7+ 52. Ke4 f6 53. Bd2 fxg5 54.
Bxb4+ Kc6 55. fxg5 Nb6 56. Bf7 Kd7 57. Ke5 Nc8 58. Bc5 1-0

[Event "PRO League Group Stage"]
[Site "chess.com INT"]
[Date "2019.01.17"]
[Round "2"]
[White "Lagarde, Maxime"]
[Black "Munoz, Miguel"]
[Result "1-0"]
[WhiteTitle "GM"]
[BlackTitle "GM"]
[WhiteElo "2604"]
[BlackElo "2475"]
[WhiteTeam "Cannes Blitzstreams"]
[BlackTeam "Barcelona Raptors"]
[WhiteFideId "662399"]
[BlackFideId "3800229"]
[EventDate "2019.01.08"]

1. d4 Nf6 2. Bf4 c5 3. d5 e6 4. Nc3 exd5 5. Nxd5 Nxd5 6. Qxd5 d6 7. O-O-O Qb6 8.
Nf3 Be6 9. Qg5 h6 10. Qg3 Nc6 11. a3 O-O-O 12. e4 g5 13. Bxd6 g4 14. Ne1 Bg7 15.
c3 Na5 16. e5 Qb3 17. Qe3 h5 18. Qxc5+ Nc6 19. Nc2 Bf5 20. Bd3 Bh6+ 21. Kb1 Be6
22. Nb4 a5 23. Bc2 Qc4 24. Qxc4 Bxc4 25. Bf5+ Be6 26. Bxe6+ fxe6 27. Nxc6 bxc6
28. h3 Rdg8 29. hxg4 hxg4 30. Rh5 Bf4 31. Rdh1 Rxh5 32. Rxh5 Rg7 33. Kc2 Rf7 34.
g3 1-0

[Event "PRO League Group Stage"]
[Site "chess.com INT"]
[Date "2019.01.17"]
[Round "2"]
[White "Mekhitarian, Krikor Sevag"]
[Black "Alvarado Diaz, Alejandro"]
[Result "0-1"]
[WhiteTitle "GM"]
[BlackTitle "IM"]
[WhiteElo "2536"]
[BlackElo "2388"]
[WhiteTeam "Cannes Blitzstreams"]
[BlackTeam "Barcelona Raptors"]
[WhiteFideId "2107660"]
[BlackFideId "2276119"]
[EventDate "2019.01.08"]

1. Nf3 Nf6 2. c4 e6 3. g3 d5 4. Bg2 Be7 5. d4 O-O 6. Qc2 dxc4 7. Nbd2 b6 8. O-O
Bb7 9. Rd1 b5 10. b3 cxb3 11. Nxb3 Nbd7 12. Bf4 Bd6 13. Rac1 Qe7 14. Na5 Be4 15.
Qb3 Bxf4 16. gxf4 a6 17. Nc6 Qe8 18. Nfe5 Bxg2 19. Kxg2 Nd5 20. e3 N7b6 21. Kh1
f6 22. Nd3 Qh5 23. Nc5 Nc4 24. e4 Nxf4 25. Re1 Nd2 26. Qg3 Qf3+ 27. Qxf3 Nxf3
28. Re3 Ng5 29. h4 Nf7 30. Rf3 e5 31. d5 Rfe8 32. Rg1 g5 33. Ra3 h6 34. hxg5
hxg5 35. Rxa6 Kg7 36. Rb1 Rh8+ 37. Kg1 Rag8 38. Ne6+ Nxe6 39. dxe6 Nd6 40. Ra7
Rh4 41. Rxc7+ Kh6 42. e7 Kg6 43. Rd7 Ne8 44. Rd8 Rgh8 45. Rbd1 g4 46. Kf1 g3 47.
fxg3 Rxe4 48. Kf2 Rh2+ 49. Kf3 Ree2 50. Rf1 Kf7 51. Kg4 Rh8 52. Rc8 Rg8+ 53. Kf3
Rxa2 54. Rd1 Ra3+ 55. Ke4 Rg4+ 56. Kd5 Rgxg3 57. Kc5 Rgd3 58. Rh1 Rac3+ 59. Kb6
Rh3 60. Rd1 Rcd3 61. Ra1 b4 62. Ra7 b3 63. Nd8+ Kg6 64. Ne6 b2 65. Rxe8 b1=Q+
66. Kc6 Rc3+ 67. Kd7 Qb5+ 68. Kd8 Rhd3+ 0-1

[Event "PRO League Group Stage"]
[Site "chess.com INT"]
[Date "2019.01.17"]
[Round "2"]
[White "Braun, Arik"]
[Black "Markoja, Boris"]
[Result "1/2-1/2"]
[WhiteTitle "GM"]
[BlackTitle "IM"]
[WhiteElo "2598"]
[BlackElo "2442"]
[WhiteTeam "Berlin Bears"]
[BlackTeam "Ljubljana Turtles"]
[WhiteFideId "4663527"]
[BlackFideId "14608502"]
[EventDate "2019.01.08"]

1. d4 d5 2. c4 dxc4 3. Nf3 a6 4. e4 b5 5. a4 Bb7 6. Nc3 b4 7. Bxc4 e6 8. Qb3 Nf6
9. O-O Be7 10. d5 exd5 11. Nxd5 Nxd5 12. exd5 O-O 13. Bf4 Nd7 14. Rfd1 Nb6 15.
a5 Nxc4 16. Qxc4 Bd6 17. Bxd6 Qxd6 18. Rd4 Rab8 19. Ng5 c6 20. Qd3 Qg6 21. Qxg6
hxg6 22. Rxb4 c5 23. Rc4 Bxd5 24. Rxc5 Ba8 25. Rc2 Rb5 26. h4 Bd5 27. Nh3 Rfb8
28. Nf4 Be4 29. Rd2 Rxb2 30. Rd6 Bb7 31. Rc1 Rb4 32. Nd3 Rb5 33. Rc5 Be4 34. Rc7 1/2-1/2

[Event "PRO League Group Stage"]
[Site "chess.com INT"]
[Date "2019.01.17"]
[Round "2"]
[White "Bezold, Michael"]
[Black "Unuk, Laura"]
[Result "1-0"]
[WhiteTitle "GM"]
[BlackTitle "WIM"]
[WhiteElo "2487"]
[BlackElo "2234"]
[WhiteTeam "Berlin Bears"]
[BlackTeam "Ljubljana Turtles"]
[WhiteFideId "4601718"]
[BlackFideId "14609215"]
[EventDate "2019.01.08"]

1. c4 c5 2. g3 g6 3. Bg2 Bg7 4. Nc3 Nc6 5. d3 d6 6. a3 Rb8 7. Bd2 Bd7 8. b4 cxb4
9. axb4 Nxb4 10. Rxa7 Nc6 11. Ra3 Nf6 12. Nf3 O-O 13. O-O Bg4 14. h3 Be6 15. Ng5
Bc8 16. Qb1 Nd7 17. Nge4 h6 18. Nb5 Nc5 19. Nxc5 dxc5 20. Be3 Nd4 21. Nxd4 cxd4
22. Bd2 Bd7 23. Rb3 Bc6 24. Qb2 e5 25. Rb1 Bxg2 26. Kxg2 e4 27. Rxb7 Rc8 28. Qb5
e3 29. fxe3 dxe3 30. Be1 Bd4 31. Rd7 Qf6 32. Qd5 Bc5 33. Rbb7 Ba3 34. Qf3 Qe6
35. Bc3 Rc5 36. Re7 Qf5 37. Rxe3 Qc8 38. Qf6 Qc6+ 39. Qxc6 Rxc6 40. Bb4 Ra8 41.
Bxa3 Rxa3 42. Rbe7 Ra1 43. Rf3 Re6 44. Rxe6 fxe6 45. Rf6 e5 46. Rxg6+ Kf7 47.
Rxh6 Ra2 48. Kf3 Ra8 49. Ke4 1-0

[Event "PRO League Group Stage"]
[Site "chess.com INT"]
[Date "2019.01.17"]
[Round "2"]
[White "Borisek, Jure"]
[Black "Baldauf, Marco"]
[Result "0-1"]
[WhiteTitle "GM"]
[BlackTitle "IM"]
[WhiteElo "2584"]
[BlackElo "2485"]
[WhiteTeam "Ljubljana Turtles"]
[BlackTeam "Berlin Bears"]
[WhiteFideId "14603152"]
[BlackFideId "4688210"]
[EventDate "2019.01.08"]

1. e4 c6 2. d4 d5 3. e5 Bf5 4. Nf3 e6 5. Be2 c5 6. O-O Nc6 7. c3 Bg6 8. a3 cxd4
9. cxd4 Nge7 10. Nc3 Nc8 11. Be3 Be7 12. b4 Nb6 13. Nd2 O-O 14. f4 f6 15. Bg4
Qd7 16. Rc1 fxe5 17. fxe5 Rxf1+ 18. Qxf1 Nxe5 19. dxe5 d4 20. Qb5 Qxb5 21. Nxb5
dxe3 22. Bxe6+ Bf7 23. Bxf7+ Kxf7 24. Nf3 a5 25. Kf1 axb4 26. axb4 Ra2 27. Nd6+
Ke6 28. Rc7 Nd5 29. Rxb7 Nf4 30. Nd4+ Kd5 0-1

[Event "PRO League Group Stage"]
[Site "chess.com INT"]
[Date "2019.01.17"]
[Round "2"]
[White "Pavasovic, Dusko"]
[Black "Berger, Steve"]
[Result "0-1"]
[WhiteTitle "GM"]
[BlackTitle "IM"]
[WhiteElo "2546"]
[BlackElo "2435"]
[WhiteTeam "Ljubljana Turtles"]
[BlackTeam "Berlin Bears"]
[WhiteFideId "14600986"]
[BlackFideId "4644786"]
[EventDate "2019.01.08"]

1. e4 e6 2. d4 d5 3. exd5 exd5 4. Nf3 Nf6 5. Bd3 c5 6. O-O c4 7. Re1+ Be7 8. Bf1
O-O 9. b3 cxb3 10. axb3 Nc6 11. c4 Bg4 12. Be3 Bb4 13. Re2 Bxf3 14. gxf3 Re8 15.
Na3 a6 16. Nc2 Bd6 17. c5 Bc7 18. Bg5 Rxe2 19. Qxe2 h6 20. Bh4 g5 21. Bg3 Nh5
22. b4 Nf4 23. Bxf4 Bxf4 24. b5 axb5 25. Rxa8 Qxa8 26. Qxb5 Qc8 27. Qb3 Qd7 28.
Qd3 Kg7 29. Ne3 Ne7 30. Qb3 Bb8 31. Bg2 Qc7 32. Nxd5 Qxh2+ 33. Kf1 Ng6 34. Qxb7
Nh4 35. Ne3 Bf4 36. d5 Nxg2 37. Nxg2 Qh1+ 38. Ke2 Qxg2 39. d6 g4 40. Qe4 Qxf3+
41. Qxf3 gxf3+ 42. Kxf3 Bh2 43. Ke4 Kf8 44. Kf5 Ke8 45. Kf6 Bf4 46. Kf5 Bd2 47.
c6 Bb4 48. d7+ Ke7 49. f4 Ba5 50. Ke5 Bc7+ 51. Kf5 Kd6 52. Kf6 Kxc6 53. Ke7 h5
54. Kf6 h4 55. Ke7 h3 56. f5 h2 0-1

[Event "PRO League Group Stage"]
[Site "chess.com INT"]
[Date "2019.01.17"]
[Round "2"]
[White "Vachier-Lagrave, Maxime"]
[Black "Kollars, Dmitrij"]
[Result "1-0"]
[WhiteTitle "GM"]
[BlackTitle "GM"]
[WhiteElo "2780"]
[BlackElo "2562"]
[WhiteTeam "Marseille Migraines"]
[BlackTeam "Baden-Baden Snowballs"]
[WhiteFideId "623539"]
[BlackFideId "12909572"]
[EventDate "2019.01.08"]

1. e4 e5 2. Nf3 Nc6 3. Bc4 Nf6 4. d3 Be7 5. O-O O-O 6. a4 d6 7. Re1 Be6 8. Bxe6
fxe6 9. c3 Qd7 10. Nbd2 h6 11. b4 a6 12. Bb2 b5 13. axb5 axb5 14. Rxa8 Rxa8 15.
Qb3 Nd8 16. d4 exd4 17. cxd4 Ra4 18. d5 c6 19. dxe6 Qxe6 20. Qc3 Qf7 21. Nd4 d5
22. Nc2 dxe4 23. Nxe4 Nd5 24. Qe5 Bf8 25. Nc3 Nxc3 26. Qxc3 c5 27. bxc5 Rc4 28.
Qd2 Ne6 29. Ne3 Rxc5 30. h3 Nf4 31. Kh2 Rc6 32. Be5 Ng6 33. Bg3 b4 34. Rb1 Rc8
35. Qd1 Re8 36. Nc2 Re4 37. Qd2 Qc4 38. Ne3 Qd4 39. Qa2+ Kh7 40. Rd1 Qf6 41. Nd5
Qe6 42. Qb1 Kg8 43. Qd3 h5 44. h4 Ne5 45. Qb1 Ng4+ 46. Kh1 Re2 47. Nf4 Qa2 48.
Nxe2 Qxe2 49. Qb3+ Kh7 50. Qd3+ Qxd3 51. Rxd3 Bc5 52. f3 Nf2+ 53. Bxf2 Bxf2 54.
Rd5 Kh6 55. Rb5 Bxh4 56. Rxb4 Be7 57. Rb6+ g6 58. Rc6 Kg5 59. Kg1 Kf5 60. Kf2
Bh4+ 61. g3 Bf6 62. Rc5+ Ke6 63. Ke3 Be7 64. Rb5 Kf6 65. Ke4 Bd8 66. f4 Bc7 67.
Rc5 Bd8 68. Rc6+ Kf7 69. Ra6 Be7 70. f5 gxf5+ 71. Kxf5 h4 72. g4 Bc5 73. g5 Bg1
74. Rh6 Bf2 75. Rh7+ Kg8 76. Kg6 Bg3 77. Rg7+ Kf8 78. Rf7+ Kg8 79. Rf3 Be5 80.
Re3 Bf4 81. Re8# 1-0

[Event "PRO League Group Stage"]
[Site "chess.com INT"]
[Date "2019.01.17"]
[Round "2"]
[White "Bacrot, Etienne"]
[Black "Agrest, Inna"]
[Result "1-0"]
[WhiteTitle "GM"]
[BlackTitle "WIM"]
[WhiteElo "2684"]
[BlackElo "2275"]
[WhiteTeam "Marseille Migraines"]
[BlackTeam "Baden-Baden Snowballs"]
[WhiteFideId "605506"]
[BlackFideId "1708830"]
[EventDate "2019.01.08"]

1. d4 Nf6 2. Nf3 g6 3. Nbd2 d5 4. b4 Bg7 5. e3 c6 6. Bb2 O-O 7. c4 Nbd7 8. Be2
Ne4 9. O-O Ndf6 10. a4 Be6 11. Rc1 Rc8 12. Nb3 dxc4 13. Bxc4 Bxc4 14. Rxc4 Qd5
15. Rc1 Rfd8 16. Qc2 h5 17. Ne5 Bh6 18. h3 Ne8 19. Rcd1 Ng7 20. Nc5 Nxc5 21.
bxc5 Qe6 22. e4 Bf4 23. Nd3 Qxe4 24. Rfe1 Qf5 25. Rxe7 Bc7 26. Qb3 b6 27. Rde1
Ne6 28. Ne5 Bxe5 29. Rxe5 Qf6 30. R7xe6 fxe6 31. Rxe6 Qf7 32. Rxg6+ Kf8 33. Qg3
Rd5 34. Bc1 Re8 35. Bh6+ Ke7 36. Rg7 Qxg7 37. Qxg7+ Kd8 38. Qxa7 bxc5 39. Qb8+
Ke7 40. Qc7+ 1-0

[Event "PRO League Group Stage"]
[Site "chess.com INT"]
[Date "2019.01.17"]
[Round "2"]
[White "Meier, Georg"]
[Black "Delorme, Alban"]
[Result "1-0"]
[WhiteTitle "GM"]
[BlackTitle "FM"]
[WhiteElo "2623"]
[BlackElo "2320"]
[WhiteTeam "Baden-Baden Snowballs"]
[BlackTeam "Marseille Migraines"]
[WhiteFideId "4675789"]
[BlackFideId "623636"]
[EventDate "2019.01.08"]

1. e4 c5 2. Nf3 Nc6 3. Bb5 d6 4. Bxc6+ bxc6 5. O-O Bg4 6. h3 Bxf3 7. Qxf3 g6 8.
d3 Bg7 9. Nd2 e6 10. e5 d5 11. Re1 Ne7 12. c4 Nf5 13. Nb3 Nd4 14. Nxd4 cxd4 15.
Bd2 O-O 16. Rac1 Qb6 17. b3 a5 18. Rc2 dxc4 19. Rxc4 c5 20. Qd1 Rfc8 21. Qc2 Qc6
22. Rc1 Bf8 23. Rxd4 a4 24. b4 cxd4 25. Qxc6 Rxc6 26. Rxc6 a3 27. f4 Kg7 28. Kf2
g5 29. fxg5 Kg6 30. g4 Rb8 31. Rc4 Rb5 32. Rxd4 Rxe5 33. Re4 Rd5 34. Ke2 Bd6 35.
d4 Bg3 36. Kd3 Bh4 37. Kc4 Bxg5 38. Bxg5 Rxg5 39. b5 h5 40. Re5 f5 41. Rxe6+ Kf7
42. gxf5 Rxf5 43. Re3 Rf2 44. Rxa3 Rb2 45. Rb3 1-0

[Event "PRO League Group Stage"]
[Site "chess.com INT"]
[Date "2019.01.17"]
[Round "2"]
[White "Alekseenko, Kirill"]
[Black "Regoli, Stephane"]
[Result "1-0"]
[WhiteTitle "GM"]
[WhiteElo "2637"]
[BlackElo "2256"]
[WhiteTeam "Baden-Baden Snowballs"]
[BlackTeam "Marseille Migraines"]
[WhiteFideId "4135539"]
[BlackFideId "615110"]
[EventDate "2019.01.08"]

1. e4 c5 2. Nf3 Nc6 3. d4 cxd4 4. Nxd4 g6 5. c4 Bg7 6. Be3 Nf6 7. Nc3 Ng4 8.
Qxg4 Nxd4 9. Qd1 Ne6 10. Rc1 O-O 11. Be2 b6 12. O-O Bb7 13. f3 Bc6 14. b4 Rc8
15. Qd2 a5 16. a3 f5 17. Nd5 Bxd5 18. cxd5 Rxc1 19. Rxc1 f4 20. Bf2 Ng5 21. d6
exd6 22. Qxd6 Rf6 23. Qd5+ Nf7 24. Bh4 h6 25. e5 Qe8 26. Bxf6 Bxf6 27. Bb5 Qxe5
28. Rc8+ Kg7 29. Qxe5 Nxe5 30. bxa5 bxa5 31. Ra8 Nc6 32. Bxc6 dxc6 33. Rxa5 Bd4+
34. Kf1 Kf7 35. Ra6 c5 36. Ke2 Bg1 37. h3 h5 38. Kd3 g5 39. Kc4 1-0

[Event "PRO League Group Stage"]
[Site "chess.com INT"]
[Date "2019.01.17"]
[Round "2"]
[White "Salomon, Johan"]
[Black "Klein, David"]
[Result "1-0"]
[WhiteTitle "GM"]
[BlackTitle "GM"]
[WhiteElo "2494"]
[BlackElo "2492"]
[WhiteTeam "Norway Gnomes"]
[BlackTeam "Amsterdam Mosquitoes"]
[WhiteFideId "1509500"]
[BlackFideId "1003623"]
[EventDate "2019.01.08"]

1. Nf3 c5 2. b3 d6 3. d4 cxd4 4. Nxd4 Nc6 5. Bb2 Nf6 6. Nxc6 bxc6 7. g3 Qa5+ 8.
Qd2 Qd5 9. Qxd5 Nxd5 10. Bg2 Bd7 11. Na3 Nb6 12. O-O-O Rc8 13. c4 e6 14. Nc2 d5
15. cxd5 cxd5 16. e4 dxe4 17. Bxe4 f5 18. Bg2 Kf7 19. Kb1 Be7 20. Rd2 Rhd8 21.
Rhd1 Bb5 22. Rxd8 Rxd8 23. Rxd8 Bxd8 24. Nd4 Bd3+ 25. Kc1 Nd5 26. Nc6 Bc7 27.
Nxa7 g5 28. Nc6 Bb5 29. Nd4 Bd7 30. a3 f4 31. Nf3 fxg3 32. hxg3 g4 33. Ne5+ Bxe5
34. Bxe5 h5 35. Kb2 Ne7 36. a4 Ng6 37. Bc7 h4 38. gxh4 Nxh4 39. Bb7 Nf5 40. a5
Nd4 41. a6 Nb5 42. Bb6 Ke7 43. a7 Nxa7 44. Bxa7 Kd6 45. Kc3 e5 46. Be4 Be6 47.
Bb8+ Kc5 48. Bxe5 Bd7 49. b4+ Kb6 50. Bd4+ Kb5 51. Bd3+ Ka4 52. Bc5 Be6 53. Kd4
Bd7 54. Ke3 Bc8 55. Kf4 Kb3 56. Bf5 Bxf5 57. Kxf5 g3 58. fxg3 Kc4 59. g4 Kb5 60.
g5 Kc4 61. g6 Kb5 62. g7 Kc4 63. Ke6 Kb5 64. Kf7 Kc4 65. Be7 Kb3 66. Bf8 Ka4 67.
Kg6 Kb5 68. Kh6 Ka4 69. Kh7 Kb5 70. Kh8 Ka4 71. Bc5 Kb5 72. g8=Q Ka4 73. Qa2+
Kb5 74. Qb1 Ka4 75. Qa1+ Kb5 76. Bb6 Kc4 77. Qh1 Kb5 78. Bg1 Kc4 79. b5 Kxb5 80.
Bb6 Kc4 81. Kg7 Kb5 82. Kf6 Kc4 83. Ke5 Kb5 84. Bg1 Kc4 85. Qg2 Kc3 86. Kd5 Kd3
87. Qf3+ Kc2 88. Bh2 Kd2 89. Bb8 Ke1 90. Qg2 Kd1 91. Kd4 Kc1 92. Kc5 Kb1 93. Kb6
Kc1 94. Ka7 Kd1 95. Ka8 Ke1 96. Kb7 Kd1 97. Kc6 Ke1 98. Kd5 Kd1 99. Kc4 Ke1 100.
Kd3 Kd1 101. Qd2# 1-0